000 00850 a2200229 4500
001 26939
005 20260407155547.0
008 260407a1976 arg spa d
003 AR-UNSa-BCEJYS
040 _aAR-UNSa-BCEJYS
_bspa
_cAR-UNSa-BCEJYS
080 _a711.4
_xOrdenación urbana. Desarrollo urbano. Áreas edificadas. Conurbaciones. Asentamientos
245 1 0 _aLa ciudad y la urbanización
020 _a84-7088-187-6
264 1 _aMadrid :
_bInstituto de Estudios de Administración Local
_c1976
300 _a311 p.
_c21 cm.
505 _a1. Espacio y teorías sociológicas - 2. La urbanización como proceso de transformación - 3. Resumen histórico de la sociología urbana
942 _cBK
590 _aniveau_biblio:m niveau_hierar:0
100 1 _aHernández Orozco, Joaquín
700 1 _aRemy, Jean
700 1 _aVoye, Liliane
999 _c1522
_d1522